| 000 | 00552nam a2200205Ia 4500 | ||
|---|---|---|---|
| 005 | 20260429112256.0 | ||
| 008 | 260429s9999||||xx |||||||||||||| ||und|| | ||
| 020 | _a9781032874692 | ||
| 041 | _aEnglish | ||
| 082 |
_a808.23 _bSTO |
||
| 100 | _aStockwell, Richard | ||
| 245 | 0 |
_aScriptwriting for theatre and screen : _ba practical guide / _cRichard Stockwell |
|
| 250 | _a1st ed. | ||
| 260 |
_aNew York : _bRoutledge, _c2026. |
||
| 300 | _aix, 241 p.; pbk | ||
| 650 | _a Screen | ||
| 650 | _a Theatre | ||
| 650 | _aScriptwriting | ||
| 942 | _cTB | ||
| 999 |
_c53258 _d53258 |
||